Highest World Capitals - Statistics

General Stats
  • This quiz has been taken 61 times
  • The average score is 10 of 20
Answer Stats
Altitude Capital % Correct
4,593 ft. Kathmandu
98%
11,942 ft. / 9,022 ft. La Paz / Sucre
84%
8,688 ft. Thimphu
75%
8,612 ft. Bogota
72%
7,350 ft. Mexico City
72%
9,350 ft. Quito
72%
4,429 ft. Ulaan Baatar
68%
5,873 ft. Kabul
65%
5,889 ft. Nairobi
54%
7,726 ft. Addis Ababa
47%
5,016 ft. Guatemala City
47%
4,170 ft. Pretoria
39%
4,865 ft. Harare
37%
5,141 ft. Kigali
33%
4,167 ft. Lusaka
33%
5,489 ft. Maseru
33%
5,646 ft. Windhoek
30%
7,628 ft. Asmara
28%
4,226 ft. Antananarivo
16%
7,382 ft. Sana'a
16%
No matching quizzes found
Score Distribution
Percent of People with Each Score
Percentile by Number Answered
Your Score History
You have not taken this quiz